Plants vs Zombies 2: Zombies - Statistics

General Stats
  • This quiz has been taken 32 times
    28 since last reset
  • The average score is 93 of 205
Answer Stats
World Zombie % Correct
Player’s House Buckethead Zombie
92%
Player’s House Conehead Zombie
92%
Player’s House Flag Zombie
85%
Ancient Egypt Ra Zombie
85%
Player’s House Basic Zombie
77%
Ancient Egypt Buckethead Mummy
77%
Ancient Egypt Conehead Mummy
77%
Ancient Egypt Explorer Zombie
77%
Modern Day Gargantuar
77%
Modern Day Imp
77%
Ancient Egypt Mummy Zombie
77%
Ancient Egypt Pharaoh Zombie
77%
Pirate Seas Pirate Zombie
77%
Modern Day All-Star Zombie
69%
Big Wave Beach Bikini Zombie
69%
Modern Day Brickhead Zombie
69%
Pirate Seas Buckethead Pirate
69%
Pirate Seas Conehead Pirate
69%
Ancient Egypt Flag Mummy Zombie
69%
Ancient Egypt Imp Mummy
69%
Pirate Seas Imp Pirate Zombie
69%
Pirate Seas Pelican Zombie
69%
Ancient Egypt Pyramid-Head Zombie
69%
Pirate Seas Seagull Zombie
69%
Pirate Seas Swashbuckler Zombie
69%
Ancient Egypt Tomb Raiser Zombie
69%
Big Wave Beach Beach Flag Zombie
62%
Big Wave Beach Bikini Buckethead
62%
Big Wave Beach Bikini Conehead
62%
Wild West Buckethead Cowboy
62%
Big Wave Beach Buckethead Pompadour
62%
Ancient Egypt Camel Zombies
62%
Wild West Chicken Wrangler Zombie
62%
Wild West Conehead Cowboy
62%
Dark Ages Conehead Peasant
62%
Big Wave Beach Conehead Pompadour
62%
Wild West Cowboy Zombie
62%
Big Wave Beach Fisherman Zombie
62%
Pirate Seas Flag Pirate Zombie
62%
Pirate Seas Gargantuar Pirate
62%
Frostbite Caves Ice Weasel
62%
Pirate Seas Imp Cannon
62%
Dark Ages Jester Zombie
62%
Far Future Jetpack Zombie
62%
Jurassic Marsh Jurassic Buckethead
62%
Jurassic Marsh Jurassic Conehead
62%
Jurassic Marsh Jurassic Zombie
62%
Dark Ages Knight Zombie
62%
Ancient Egypt Mummified Gargantuar
62%
Modern Day Newspaper Zombie
62%
Big Wave Beach Octo Zombie
62%
Dark Ages Peasant Zombie
62%
Pirate Seas Pirate Captain Zombie
62%
Big Wave Beach Pompadour Zombie
62%
Ancient Egypt Torchlight Zombie
62%
Dark Ages Wizard Zombie
62%
Wild West Zombie Bull
62%
Wild West Zombie Chicken
62%
Dark Ages Zombie King
62%
Pirate Seas Zombie Parrot
62%
Neon Mixtape Tour 8-Bit Zombie
54%
Modern Day Balloon Zombie
54%
Pirate Seas Barrel Roller Zombie
54%
Frostbite Caves Blockhead Zombie
54%
Dark Ages Buckethead Peasant
54%
Lost City Bug Zombie
54%
Wild West Cart-Head Zombie
54%
Dark Ages Dark Ages Gargantuar
54%
Frostbite Caves Dodo Rider Zombie
54%
Wild West Flag Cowboy Zombie
54%
Far Future Future Buckethead Zombie
54%
Far Future Future Conehead Zombie
54%
Far Future Future Zombie
54%
Dark Ages Imp Dragon Zombie
54%
Dark Ages Imp Monk Zombie
54%
Lost City Imp Porter
54%
Jurassic Marsh Jurassic Fossilhead
54%
Neon Mixtape Tour Punk Zombie
54%
Modern Day Rally Zombie
54%
Penny’s Pursuit Roman Buckethead
54%
Penny’s Pursuit Roman Conehead
54%
Penny’s Pursuit Roman Zombie
54%
Frostbite Caves Weasel Hoarder
54%
Wild West Zombie Bull Rider
54%
Penny’s Pursuit Zombie Medusa
54%
Ancient Egypt Zombot Sphinx-inator
54%
Jurassic Marsh Amberhead Zombie
46%
Neon Mixtape Tour Arcade Zombie
46%
Pirate Seas Barrelhead Zombie
46%
Frostbite Caves Cave Buckethead Zombie
46%
Frostbite Caves Cave Conehead Zombie
46%
Frostbite Caves Cave Zombie
46%
Far Future Disco-tron 3000
46%
Lost City Excavator Zombie
46%
Far Future Future Flag Zombie
46%
Far Future Holo Head Zombie
46%
Frostbite Caves Hunter Zombie
46%
Big Wave Beach Imp Mermaid Zombie
46%
Jurassic Marsh Jurassic Flag Zombie
46%
Jurassic Marsh Jurassic Gargantuar
46%
Jurassic Marsh Jurassic Imp
46%
Neon Mixtape Tour Neon Buckethead
46%
Neon Mixtape Tour Neon Conehead
46%
Neon Mixtape Tour Neon Flag Zombie
46%
Neon Mixtape Tour Neon Zombie
46%
Lost City Parasol Zombie
46%
Wild West Poncho Zombie
46%
Wild West Prospector Zombie
46%
Wild West Rodeo Legend Zombie
46%
Frostbite Caves Sloth Gargantuar
46%
Big Wave Beach Snorkel Zombie
46%
Big Wave Beach Surfer Zombie
46%
Miscellaneous Treasure Yeti
46%
Frostbite Caves Yeti Imp
46%
Pirate Seas Zombot Plank Walker
46%
Lost City Adventurer Zombie
38%
Neon Mixtape Tour Boombox Zombie
38%
Neon Mixtape Tour Breakdancer Zombie
38%
Lost City Buckethead Adventurer Zombie
38%
Far Future Bug Bot Imp
38%
Lost City Conehead Adventurer Zombie
38%
Big Wave Beach Deep Sea Gargantuar
38%
Far Future Disco Jetpack Zombie
38%
Lost City Flag Adventurer Zombie
38%
Penny’s Pursuit Gladiator Gargantuar
38%
Neon Mixtape Tour Glitter Zombie
38%
Neon Mixtape Tour Hair Metal Gargantuar
38%
Neon Mixtape Tour Impunk
38%
Jurassic Marsh Jurassic Bully
38%
Jurassic Marsh Jurassic Rockpuncher
38%
Neon Mixtape Tour MC Zom-B
38%
Far Future Mecha-Football Zombie
38%
Dark Ages Peasant Flag Zombie
38%
Wild West Pianist Zombie
38%
Far Future Robo-Cone Zombie
38%
Far Future Shield Zombie
38%
Modern Day Sunday Edition Zombie
38%
Modern Day Super-Fan Imp
38%
Frostbite Caves Troglobite
38%
Wild West Wild West Gargantuar
38%
Penny’s Pursuit Zcorpion Zombie
38%
Lost City Zombot Aerostatic Gondola
38%
Dark Ages Zombot Dark Dragon
38%
Neon Mixtape Tour Zombot Multi-stage Masher
38%
Far Future Zombot Tomorrow-tron
38%
Far Future Blastronaut Zombie
31%
Penny’s Pursuit Bust Head Zombie
31%
Arena Cardio Zombie
31%
Thymed Events Carnie Buckethead
31%
Thymed Events Carnie Conehead
31%
Thymed Events Carnie Imp
31%
Thymed Events Carnie Zombie
31%
Frostbite Caves Cave Flag Zombie
31%
Wild West Cowboy Rally Zombie
31%
Thymed Events Firebreather Zombie
31%
Far Future Gargantuar Prime
31%
Thymed Events Grinderhead Zombie
31%
Penny’s Pursuit Healer Zombie
31%
Pirate Seas Jolly Roger Zombie
31%
Thymed Events Magician Zombie
31%
Lost City Porter Gargantuar
31%
Lost City Relic Hunter Zombie
31%
Penny’s Pursuit Roman Flag Zombie
31%
Penny’s Pursuit Roman Shield Zombie
31%
Thymed Events Stiltwalker Zombie
31%
Lost City Turquoise Skull Zombie
31%
Miscellaneous Vase Gargantuar
31%
Penny’s Pursuit ZCorp Chair Racer
31%
Penny’s Pursuit ZCorp HelpDesk
31%
Wild West Zombot War Wagon
31%
Arena #caketank
23%
Thymed Events Carnie Flag Zombie
23%
Penny’s Pursuit Centurion Zombie
23%
Ancient Egypt Egypt Rally Zombie
23%
Penny’s Pursuit Gargimp Legal
23%
Miscellaneous Imp Pear Imp
23%
Jurassic Marsh Jurassic Rally Zombie
23%
Lost City Lost Pilot Zombie
23%
Penny’s Pursuit Roman Imp
23%
Thymed Events Strongman Gargantuar
23%
Penny’s Pursuit ZCorp Consultant
23%
Penny’s Pursuit ZCorp Contractor
23%
Arena Z-Mech
23%
Big Wave Beach Zombot Sharktronic Sub
23%
Thymed Events Carnie Cannon
15%
Thymed Events Carnie Imp Split
15%
Thymed Events Ducky Tube
15%
Thymed Events Ducky Tube Buckethead
15%
Thymed Events Ducky Tube Conehead
15%
Penny’s Pursuit Head Office Impgantuar
15%
Lost City Lost City Imp Zombie
15%
Far Future Robo-Rally Zombie
15%
Penny’s Pursuit ZCorp Buckethead
15%
Penny’s Pursuit ZCorp Conehead
15%
Penny’s Pursuit ZCorp Contractor Buckethead
15%
Penny’s Pursuit ZCorp Contractor Conehead
15%
Penny’s Pursuit ZCorp New Hire
15%
Thymed Events Zombot Catastro-liope
15%
Jurassic Marsh Zombot Dinotronic Mechasaur
15%
Frostbite Caves Zombot Tuskmaster 10,000 BC
15%
Thymed Events Carnie Imp Twins
8%
Thymed Events #feastivuscaketank
8%
Thymed Events Nutcracker Zombie
8%
Penny’s Pursuit Roman Caesar Zombie
8%
Penny’s Pursuit ZCorp Flag Zombie
8%
No matching quizzes found
Score Distribution
Percent of People with Each Score
Percentile by Number Answered
Your Score History
You have not taken this quiz since the last reset